| 000 | 00647nam a22001937a 4500 | ||
|---|---|---|---|
| 999 |
_c170177 _d170177 |
||
| 005 | 20191212102139.0 | ||
| 010 | _aA-941661 | ||
| 020 | _c125.00 | ||
| 035 | _aA-941661 | ||
| 037 | _bBPPD/Pub. | ||
| 082 | _a303.483 | ||
| 100 | _aسریو پرساد گوپتا | ||
| 245 |
_aساینس اور سماج / _cسریو پرساد گوپتا |
||
| 246 |
_aScience aur Samaj (Urdu) / _bby Saryu Parsad Gupta |
||
| 260 |
_aNew Delhi _bEducational Publishing House _c1998 ء |
||
| 270 |
_a3108, Gali Azizuddin Vakil, Kucha Pandit, Lal Kuan _bNew delhi _e110006 |
||
| 300 |
_a159p. _c20cm(Hb) |
||
| 942 |
_2ddc _cUR _h303.483 _mگ پ ت |
||